| 000 | 00534nam a2200181Ia 4500 | ||
|---|---|---|---|
| 005 | 20250508160237.0 | ||
| 008 | 008 250505s9999 xx 000 0 eng d | ||
| 037 | _aBooks to be hide in OPAC | ||
| 040 |
_aFEDL _beng _cFEDL |
||
| 041 |
_aeng _2eng |
||
| 084 |
_a407, NCE/O _qFEDL |
||
| 245 | 0 | _aReport of the committee on language laboratories in India | |
| 245 | 0 | _cNational Council of Educational Research and Training | |
| 260 | _c1969 | ||
| 300 | _a65p. | ||
| 942 |
_cHB _h407, NCE/O |
||
| 999 |
_c1363008 _d1363008 |
||